000
00308nam a22001337a 4500
008
170816b xxu||||| |||| 00| 0 eng d
020
_a
01304000971
041
_a
eng
080
_2
3 ED
_a
51
100
_a
36
101
_a
NAT
245
_a
APPLIED DIFFERENTIAL EQUATIONS
_c
SPIEGEL.M.R
942
_2
udc
_c
BK
999
_c
23682
_d
23682